Statistiques concernant Tous ensemble on chantera (paroles) - chant PSG

Cliquez ici pour prendre le quiz!

Statistiques générales

  • Ce quiz a été pris 232 fois
  • Le résultat moyen est 55 sur 64

Statistiques - réponses

Paroles% Correct
on
98%
on
98%
on
98%
a
97%
a
97%
chantera
97%
chantera
97%
ensemble
97%
ensemble
97%
Paris SG
97%
Paris SG
97%
Paris SG
97%
tous
97%
tous
97%
pour
95%
pour
95%
pour
95%
amour
94%
amour
94%
toi
94%
toi
94%
toi
94%
qu'on
93%
qu'on
93%
cet
91%
cet
91%
jamais
89%
jamais
89%
ne
89%
ne
89%
Après
88%
la
88%
qui
88%
qui
88%
cessera
87%
cessera
87%
tant
87%
et
86%
de
85%
de
85%
galère
85%
se
85%
combat
84%
voix
84%
casser
83%
va
80%
d'années
78%
Oh !
74%
oh,
74%
oh
74%
oh
74%
oh,
74%
oh
74%
oh
74%
oh
74%
oh,
74%
oh
74%
oh
74%
oh
74%
oh,
74%
oh
74%
oh
74%
Oh
74%
oh
74%

Distribution des résultats

Percentile par nombre de réponses

% des personnes avec chaque résultat

Votre développement - résultats

Vous n’avez pas pris ce quiz